000 00570nam a2200169 a 4500
001 000024207
005 20200930022817.0
008 110120s1972 pe a r 000 0 spa d
040 _aDO-SdBNP
_bspa
_cBNPHU
082 _annnn
_bC118s
100 1 _aCáceres Sánchez, María Leticia,
_949721
245 1 0 _aSilencio sonoro :
_b(poemario) 1954-1972 /
_cMaría Leticia Cáceres Sánchez.
260 _aArequipa, Perú :
_b[s.n] ,
_c1972.
300 _a116 p. :
_bil. ;
_c21 cm.
504 _aIncluye referencias bibliográficas y notas al pie de las páginas.
049 _aBNGR
999 _c23701
_d23701